000
00325nam a22001457a 4500
008
230515b ||||| |||| 00| 0 eng d
020
_a
9780131234987
041
_a
eng
080
_2
THIRD EDITION
_a
72
082
_a
72NAW
100
_a
19
101
_a
ARKI
245
_a
REINFORCED CONCRETE
_c
NAWY.G.E
942
_2
udc
_c
BK
999
_c
59723
_d
59723